Bài giảng kỹ thuật sản xuất đường

Na minha lista:
Detalhes bibliográficos
Autor principal: Lý Nguyễn Bình
Formato: Livro
Idioma:Undetermined
Publicado em: Cần Thơ Trường Đại Học Cần Thơ - Khoa Nông Nghiệp 1999
Assuntos:
Tags: Adicionar Tag
Sem tags, seja o primeiro a adicionar uma tag!
Thư viện lưu trữ: Trung tâm Học liệu Trường Đại học Cần Thơ
LEADER 00580nam a2200169Ia 4500
001 CTU_34874
008 210402s9999 xx 000 0 und d
082 |a 664.107 
082 |b B312gt 
100 |a Lý Nguyễn Bình 
245 0 |a Bài giảng kỹ thuật sản xuất đường 
245 0 |c Lý Nguyễn Bình, Huỳnh Thị Phương Loan 
260 |a Cần Thơ 
260 |b Trường Đại Học Cần Thơ - Khoa Nông Nghiệp 
260 |c 1999 
650 |a sugarcane industry 
980 |a Trung tâm Học liệu Trường Đại học Cần Thơ